| 000 | 00342nam a2200133Ia 4500 | ||
|---|---|---|---|
| 008 | 240624s9999 xx 000 0 und d | ||
| 041 | _aeng | ||
| 082 | _a519.5 BOS | ||
| 100 | _aBOSE SUJIT K | ||
| 245 | _aOPERATIONS RESEARCH METHODS | ||
| 260 |
_c2008 _aNew Delhi _bNarosa Publishing House Pvt. Ltd. |
||
| 300 | _a272 : p. | ||
| 365 |
_cRS _b30 |
||
| 999 |
_c12629 _d12629 |
||